Central Library OPAC University of Rajshahi
Normal view MARC view

Entry Personal Name

Number of records used in: 3

001 - CONTROL NUMBER

  • control field: 1174

003 - CONTROL NUMBER IDENTIFIER

  • control field: BD-RjUL

005 - DATE AND TIME OF LATEST TRANSACTION

  • control field: 20220206134504.0

008 - FIXED-LENGTH DATA ELEMENTS

  • fixed length control field: 220206|| aca||aabn | a|a d

040 ## - CATALOGING SOURCE

  • Original cataloging agency: BD-RjUL
  • Transcribing agency: BD-RjUL

100 ## - HEADING--PERSONAL NAME

  • Personal name: রহমান, এম. মতিউর

670 ## - SOURCE DATA FOUND

  • Source citation: Work cat.: (BD-RjUL)79329: রহমান, এম. মতিউর , ভারতীয় দর্শন ও সংস্কৃতি /, ২০১৬